Pokémon (et familles de Pokémon) ayant un double type unique - Statistiques

Statistiques générales
  • Ce quiz a été pris 730 fois
    31 depuis la dernière actualisation
  • Le résultat moyen est 24 sur 34
Statistiques - réponses
Type de quiz Type 2 Pokémon % Correct
Feu Acier Heatran
84%
Feu Eau Volcanion
84%
Insecte Spectre Munja
80%
Poison Vol Nosferapti / Nosferalto / Nostenfer
80%
Eau Acier Pingoléon
80%
Plante Glace Blizzi / Blizzaroi
76%
Poison Normal Gribouraigne / Tag-Tag
76%
Dragon Fée Méga-Altaria
76%
Électrik Spectre Motisma
76%
Électrik Poison Toxizap / Salarsen
76%
Combat Glace Crabominable
72%
Ténèbres Fée Grimalin / Fourbelin / Angoliath
72%
Glace Spectre Momartik
72%
Électrik Psy Raichu d'Alola
72%
Glace Fée Feunard d'Alola
68%
Glace Insecte Frissonille / Beldeneige
68%
Électrik Normal Galvaran / Iguolta
68%
Glace Sol Marcacrin / Cochignon / Mammochon
68%
Électrik Feu Motisma Chaleur
68%
Roche Dragon Ptyranidur / Rexillius
68%
Ténèbres Acier Scalpion / Scalproie / Scalpereur
68%
Acier Poison Vrombi / Vrombotor
68%
Sol Psy Balbuto / Kaorine
64%
Normal Eau Castorno
64%
Insecte Ténèbres Gambex
64%
Feu Normal Hélionceau / Némélios
64%
Roche Ténèbres Tyranocif
64%
Insecte Fée Bombydou / Rubombelle
60%
Fée Combat Garde-de-Fer
60%
Électrik Ténèbres Morpeko
60%
Glace Acier Sabelette d'Alola / Sablaireau d'Alola
60%
Normal Spectre Zorua de Hisui / Zoroark de Hisui
60%
Glace Feu Darumacho de Galar Mode Transe
56%
Sol Combat Fort-Ivoire
56%
Aucun quiz correspondant
Distribution des résultats
% des personnes avec chaque résultat
Percentile par nombre de réponses
Votre historique - résultats
Vous n’avez pas pris ce quiz depuis la dernière actualisation